Análisis de estabilidad del deslizamiento en San Miguel de Cachí

Збережено в:
Бібліографічні деталі
Автор: Rivera Camacho, Ernesto
Формат: Книга
Опубліковано: San José, C.R. 2001
Предмети:
Теги: Додати тег
Немає тегів, Будьте першим, хто поставить тег для цього запису!

MARC

LEADER 00000nam a2200000Ia 4500
003 008763
005 20221231144201.0
008 140114s2001 cr a m 000 ||s d
040 |c cru CEDI 
090 |a TFG 4338 
100 |a Rivera Camacho, Ernesto  |9 7741 
245 |a Análisis de estabilidad del deslizamiento en San Miguel de Cachí  
260 |c 2001  |a  San José, C.R. 
300 |a  99 hojas : ilustraciones (algunas color), mapas (algunas plegables,)  
500 |a  Tesis (licenciatura en ingeniería civil)--Universidad de Costa Rica. Facultad de Ingeniería. Escuela de Ingeniería Civil 
650 |x DESPRENDIMIENTOS DE TIERRAS   |x MECANICA DE SUELOS  |9 707 
942 |c TFG 
999 |c 18100  |d 18100